[Event "SC Klein-Berlin Rheine 1 - SC Gronau 1"]
[Site "Regionalliga Münsterland 2018"]
[Date "2019.03.23"]
[Round "8.1"]
[White "Buendgen, Achim"]
[Black "Bruemmer, Frank"]
[Result "1/2-1/2"]
[WhiteElo "2114"]
[BlackElo "2160"]
[PlyCount "53"]
[EventDate "2019.??.??"]
[SourceDate "2018.09.09"]

1. e4 e6 2. b3 c5 3. Bb2 Nc6 4. Nf3 d6 5. d4 cxd4 6. Nxd4 Qb6 7. Nxc6 bxc6 8.
c4 Nf6 9. Bd3 e5 10. O-O Be7 11. Nc3 O-O 12. Kh1 Be6 13. Rc1 Rfd8 14. Qe2 Nd7
15. Na4 Qc7 16. Rc2 Nc5 17. Nxc5 dxc5 18. Rd2 a5 19. Bc2 Rxd2 20. Qxd2 a4 21.
Qc3 axb3 22. axb3 f6 23. Ra1 Rd8 24. Rd1 Ra8 25. Ra1 Rd8 26. Rd1 Ra8 27. Ra1
1/2-1/2

[Event "SC Klein-Berlin Rheine 1 - SC Gronau 1"]
[Site "Regionalliga Münsterland 2018"]
[Date "2019.03.23"]
[Round "8.2"]
[White "Ottens, Stephan"]
[Black "Monsma, Menno"]
[Result "1/2-1/2"]
[WhiteElo "2064"]
[BlackElo "2096"]
[PlyCount "83"]
[EventDate "2019.??.??"]
[SourceDate "2018.09.09"]

1. e4 e6 2. d4 d5 3. Nc3 Bb4 4. e5 c5 5. a3 Bxc3+ 6. bxc3 Qa5 7. Bd2 Qa4 8. Nf3
Ne7 9. h4 Nbc6 10. Bd3 c4 11. Be2 Bd7 12. h5 h6 13. Nh4 O-O-O 14. f4 Nf5 15.
Nxf5 exf5 16. Bf3 Be6 17. Be3 Rdg8 18. Kd2 g5 19. hxg6 fxg6 20. Rh2 Rh7 21. Qh1
Rgh8 22. Qe1 Qa5 23. Qg3 Bf7 24. Qh4 Qd8 25. Qxd8+ Kxd8 26. Rah1 Be6 27. Bf2 h5
28. Bh4+ Kc8 29. Rb1 Rd7 30. Rhh1 b6 31. Ke3 Kc7 32. Bf6 Rg8 33. Kf2 Rh7 34.
Rb5 Rd7 35. Kg3 Na5 36. Kh4 Kc6 37. a4 Rh7 38. Kg5 Nb7 39. Kh4 Na5 40. Rhb1 Nb7
41. R1b4 Na5 42. Rb1 1/2-1/2

[Event "SC Klein-Berlin Rheine 1 - SC Gronau 1"]
[Site "Regionalliga Münsterland 2018"]
[Date "2019.03.23"]
[Round "8.3"]
[White "Ellenbroek, Ton"]
[Black "Averkamp Peters, Jens"]
[Result "1/2-1/2"]
[WhiteElo "1973"]
[BlackElo "1922"]
[PlyCount "154"]
[EventDate "2019.??.??"]
[SourceDate "2018.09.09"]

1. e4 d5 2. exd5 Nf6 3. Bb5+ Bd7 4. Be2 c6 5. d4 cxd5 6. Nf3 Nc6 7. O-O e6 8.
Bf4 Be7 9. c3 Ne4 10. Nbd2 g5 11. Be3 f5 12. Ne5 Nxe5 13. dxe5 O-O 14. Nb3 Ba4
15. Qc1 f4 16. Bd4 b6 17. Bg4 Bd7 18. Nd2 Nxd2 19. Qxd2 Qe8 20. Qe2 Qg6 21.
Rfe1 Be8 22. h3 Rd8 23. Rad1 h5 24. Bf3 Kg7 25. Qd3 Qxd3 26. Rxd3 Kg6 27. Bd1
Kh6 28. Rd2 Bg6 29. Bb3 g4 30. hxg4 hxg4 31. Kf1 f3 32. Be3+ Bg5 33. Rd4 Be4
34. gxf3 Bxf3 35. Bd1 Bxd1 36. Rdxd1 g3 37. Kg2 Bxe3 38. fxe3 Rf2+ 39. Kxg3 Rf5
40. Rh1+ Kg6 41. Rd4 Rxe5 42. Rg4+ Rg5 43. Rxg5+ Kxg5 44. Rh7 a5 45. Rb7 Rd6
46. Kf3 Kf5 47. Rh7 Kg6 48. Rh8 Kg7 49. Rb8 Kf6 50. e4 Ke5 51. exd5 Kxd5 52.
Ke3 Kc5 53. a4 Kc4 54. Rc8+ Kb3 55. Ke4 Kxa4 56. Ke5 Rd2 57. Kxe6 Rxb2 58. c4
Kb4 59. Kd5 a4 60. Rb8 Kc3 61. Ra8 Kb4 62. Ra6 Ka3 63. Kd4 Rb1 64. Kc3 Rb4 65.
Ra8 Rb3+ 66. Kd4 Rh3 67. Ra6 Rh4+ 68. Kc3 Rh6 69. Ra8 Rh3+ 70. Kd4 Kb3 71. Rb8
Rh4+ 72. Kd3 Rxc4 73. Rxb6+ Rb4 74. Rxb4+ Kxb4 75. Kc2 a3 76. Kb1 Kb3 77. Ka1
a2 1/2-1/2

[Event "SC Klein-Berlin Rheine 1 - SC Gronau 1"]
[Site "Regionalliga Münsterland 2018"]
[Date "2019.03.23"]
[Round "8.4"]
[White "Kornick, Ulrich"]
[Black "Luetkehermoelle, Martin"]
[Result "1/2-1/2"]
[WhiteElo "1939"]
[BlackElo "1968"]
[PlyCount "40"]
[EventDate "2019.??.??"]
[SourceDate "2018.09.09"]

1. d4 Nf6 2. Nf3 e6 3. Bg5 h6 4. Bh4 c5 5. e3 b6 6. Nbd2 Be7 7. Bd3 cxd4 8.
exd4 Bb7 9. c3 O-O 10. O-O d6 11. Re1 Nbd7 12. Ne4 Nxe4 13. Bxe7 Qxe7 14. Bxe4
Bxe4 15. Rxe4 Nf6 16. Re1 Rfc8 17. a4 Qc7 18. Nd2 Qc6 19. Qf3 Qxf3 20. Nxf3 a6
1/2-1/2

[Event "SC Klein-Berlin Rheine 1 - SC Gronau 1"]
[Site "Regionalliga Münsterland 2018"]
[Date "2019.03.23"]
[Round "8.5"]
[White "Storck, Martin"]
[Black "Langhans, Joerg"]
[Result "0-1"]
[WhiteElo "1957"]
[BlackElo "1955"]
[PlyCount "74"]
[EventDate "2019.??.??"]
[SourceDate "2018.09.09"]

1. c4 e5 2. Nc3 d6 3. g3 Nc6 4. Bg2 g6 5. Nf3 Bg7 6. O-O Nge7 7. d3 O-O 8. e4
f5 9. Ne1 f4 10. f3 Nd4 11. Nc2 Nxc2 12. Qxc2 c6 13. Qf2 g5 14. Rd1 h5 15. Ne2
c5 16. Bd2 Ng6 17. Rab1 a5 18. a3 a4 19. h3 Be6 20. g4 Nh4 21. gxh5 Qe8 22. Kh2
Qxh5 23. Ng1 g4 24. fxg4 Bxg4 25. Rf1 Rf6 26. Be1 Nxg2 27. Qxg2 Rh6 28. b4 axb3
29. Rxb3 Rg6 30. Nf3 Be6 31. Qxg6 Qxg6 32. Rg1 Qh5 33. Ng5 Bc8 34. Bc3 Kf8 35.
Bb2 Bf6 36. Rb6 Bxg5 37. Rxd6 Qxh3# 0-1

[Event "SC Klein-Berlin Rheine 1 - SC Gronau 1"]
[Site "Regionalliga Münsterland 2018"]
[Date "2019.03.23"]
[Round "8.6"]
[White "Langhanke, Guenther"]
[Black "Langendijk, Andre"]
[Result "1/2-1/2"]
[WhiteElo "1932"]
[BlackElo "1929"]
[PlyCount "46"]
[EventDate "2019.??.??"]
[SourceDate "2018.09.09"]

1. e4 c5 2. Nc3 g6 3. f4 Bg7 4. Nf3 Nc6 5. Bb5 Nd4 6. O-O Nxb5 7. Nxb5 Nf6 8.
Nc3 O-O 9. d3 b6 10. Qe1 Bb7 11. Qh4 d5 12. e5 d4 13. Ne2 Nd5 14. Bd2 e6 15.
Qh3 Qd7 16. Rae1 Rae8 17. a3 a5 18. Ng3 f5 19. exf6 Nxf6 20. Ng5 Bd5 21. Re2 h6
22. N5e4 c4 23. Rfe1 cxd3 1/2-1/2

[Event "SC Klein-Berlin Rheine 1 - SC Gronau 1"]
[Site "Regionalliga Münsterland 2018"]
[Date "2019.03.23"]
[Round "8.7"]
[White "Hoge, Torsten"]
[Black "Bruemmer, Andreas"]
[Result "0-1"]
[WhiteElo "1922"]
[BlackElo "1906"]
[PlyCount "72"]
[EventDate "2019.??.??"]
[SourceDate "2018.09.09"]

1. Nf3 c5 2. e3 Nf6 3. b3 g6 4. Bb2 Bg7 5. Be2 d5 6. O-O O-O 7. d3 Nc6 8. Ne5
Nxe5 9. Bxe5 b6 10. Nd2 Bb7 11. f4 Rc8 12. Qe1 e6 13. Rd1 Ne8 14. Bxg7 Kxg7 15.
Rf3 Nd6 16. Rh3 Qe7 17. Nf3 f6 18. Qh4 Kg8 19. g4 Rc7 20. Rf1 e5 21. fxe5 fxe5
22. Ng5 Rxf1+ 23. Bxf1 e4 24. Bg2 Qf6 25. Qh6 Qe7 26. Qh4 c4 27. bxc4 exd3 28.
cxd3 dxc4 29. Bxb7 Rxb7 30. dxc4 Nxc4 31. Rf3 Rd7 32. Qh6 Ne5 33. Rf4 Nxg4 34.
Rxg4 Qxe3+ 35. Kf1 Rd1+ 36. Kg2 Rg1# 0-1

[Event "SC Klein-Berlin Rheine 1 - SC Gronau 1"]
[Site "Regionalliga Münsterland 2018"]
[Date "2019.03.23"]
[Round "8.8"]
[White "Hemmert, Michael"]
[Black "Reckzuegel, Philipp"]
[Result "0-1"]
[WhiteElo "1787"]
[BlackElo "1949"]
[PlyCount "94"]
[EventDate "2019.??.??"]
[SourceDate "2018.09.09"]

1. d4 Nf6 2. Bf4 e6 3. e3 d5 4. c4 b6 5. Nc3 Bb7 6. Nf3 Bd6 7. Bxd6 Qxd6 8. Rc1
c6 9. a3 O-O 10. Na4 dxc4 11. Bxc4 Nbd7 12. Be2 Rfd8 13. O-O Ne4 14. Qc2 c5 15.
Rfd1 Qe7 16. Bd3 f5 17. Bc4 Kh8 18. Qe2 a6 19. Ba2 cxd4 20. Nxd4 b5 21. Nc3
Ndc5 22. b4 Nxc3 23. Rxc3 Ne4 24. Rcd3 Rdc8 25. Qb2 Rc4 26. Nxe6 Re8 27. Bxc4
bxc4 28. Rd8 Qxe6 29. Qd4 Nf6 30. Rc1 Bd5 31. Rxe8+ Qxe8 32. f3 h6 33. Kf2 Qa4
34. Rc3 Qb5 35. h4 Bg8 36. e4 fxe4 37. fxe4 Ng4+ 38. Kg3 Ne5 39. Kh2 Nd3 40.
Rc2 Qh5 41. Qd8 Qe5+ 42. g3 Qxe4 43. Qc8 Ne5 44. Rg2 Nf3+ 45. Kh3 Kh7 46. g4
Be6 47. Qc5 Nxh4 0-1

[Event "SF Olfen 1 - SK Münster 2"]
[Site "Regionalliga Münsterland 2018"]
[Date "2019.03.23"]
[Round "8.1"]
[White "Wieder, Heiner"]
[Black "Koke, Christoph"]
[Result "0-1"]
[WhiteElo "2089"]
[BlackElo "2078"]
[PlyCount "82"]
[EventDate "2019.??.??"]
[SourceDate "2018.09.09"]

1. e4 c6 2. d4 d5 3. e5 Bf5 4. Nc3 e6 5. g4 Bg6 6. Nge2 c5 7. Be3 Nc6 8. dxc5
Nxe5 9. Nd4 Nd7 10. f4 Ngf6 11. f5 exf5 12. gxf5 Bh5 13. Be2 Qe7 14. Qd2 Bxe2
15. Qxe2 Nxc5 16. O-O-O O-O-O 17. Rhe1 Qd7 18. Bg5 Re8 19. Qg2 Rxe1 20. Rxe1
Nfe4 21. Nxe4 Nxe4 22. Bf4 Qa4 23. Rxe4 dxe4 24. Qxe4 Qd7 25. Qe5 Kd8 26. f6
Rg8 27. Qb8+ Qc8 28. Qxa7 gxf6 29. Qa5+ Ke8 30. Qb5+ Qd7 31. Qe2+ Be7 32. c3
Rg1+ 33. Kc2 Qd5 34. Qe3 Rg2+ 35. Kd3 Rxb2 36. c4 Qd7 37. a3 Ra2 38. Qe4 Rxa3+
39. Ke2 Qg4+ 40. Kd2 Ra2+ 41. Kc3 Rf2 0-1

[Event "SF Olfen 1 - SK Münster 2"]
[Site "Regionalliga Münsterland 2018"]
[Date "2019.03.23"]
[Round "8.2"]
[White "Boesel, Alexander"]
[Black "Korth, Daniel"]
[Result "1/2-1/2"]
[WhiteElo "2040"]
[BlackElo "2135"]
[PlyCount "82"]
[EventDate "2019.??.??"]
[SourceDate "2018.09.09"]

1. e4 e5 2. Nf3 Nc6 3. Bc4 Nf6 4. d3 Be7 5. O-O O-O 6. Re1 d6 7. a4 Kh8 8. a5
a6 9. Nc3 Be6 10. Nd5 Qd7 11. c3 Rae8 12. Qb3 Nd8 13. d4 Nxd5 14. Bxd5 Bg4 15.
Ng5 Bxg5 16. Bxg5 f6 17. Bh4 g5 18. Bg3 Be6 19. h4 Qg7 20. Qd1 c6 21. Bxe6 Nxe6
22. dxe5 dxe5 23. Qg4 Nf4 24. Rad1 Rd8 25. Rxd8 Rxd8 26. Rd1 Rxd1+ 27. Qxd1 Qe7
28. Kh2 Kg7 29. hxg5 fxg5 30. Qg4 Ng6 31. Qf5 h6 32. f3 Qd6 33. Qc8 Qe7 34. Bf2
Qf7 35. Be3 Nh4 36. Kg3 Ng6 37. Qd8 Qe7 38. Qxe7+ Nxe7 39. Bc5 Ng8 40. Bd6 Kf6
41. Bc7 h5 1/2-1/2

[Event "SF Olfen 1 - SK Münster 2"]
[Site "Regionalliga Münsterland 2018"]
[Date "2019.03.23"]
[Round "8.3"]
[White "Baumann, Stephan"]
[Black "Grawunder, Juergen"]
[Result "1/2-1/2"]
[WhiteElo "2029"]
[BlackElo "1928"]
[PlyCount "32"]
[EventDate "2019.??.??"]
[SourceDate "2018.09.09"]

1. e4 e5 2. Nf3 d6 3. Bc4 h6 4. Nc3 c6 5. d4 Qc7 6. h3 Nf6 7. O-O Be7 8. Qe2 b5
9. dxe5 dxe5 10. Bb3 Ba6 11. Nb1 Nbd7 12. Nbd2 Bb7 13. Re1 O-O 14. c4 b4 15.
Nf1 a5 16. Ng3 Rfe8 1/2-1/2

[Event "SF Olfen 1 - SK Münster 2"]
[Site "Regionalliga Münsterland 2018"]
[Date "2019.03.23"]
[Round "8.4"]
[White "Beutelhoff, Josef"]
[Black "Seegers, Hendrik"]
[Result "1/2-1/2"]
[WhiteElo "1971"]
[BlackElo "2065"]
[PlyCount "74"]
[EventDate "2019.??.??"]
[SourceDate "2018.09.09"]

1. Nf3 d5 2. c4 e6 3. e3 Nf6 4. d4 Be7 5. Nc3 O-O 6. Bd3 dxc4 7. Bxc4 b6 8. O-O
Ba6 9. Bxa6 Nxa6 10. Qe2 Qc8 11. Bd2 Qb7 12. e4 Rfd8 13. Bg5 h6 14. Bh4 Kf8 15.
Rad1 c5 16. d5 exd5 17. Bxf6 Bxf6 18. Nxd5 Be7 19. Nxe7 Kxe7 20. Ne5 Kf8 21. f3
Nb4 22. a3 Nc6 23. Nxc6 Qxc6 24. Rd2 Ke7 25. Rfd1 Rxd2 26. Qxd2 Qc7 27. Qc3 f6
28. g3 Rd8 29. Rd2 Rxd2 30. Qxd2 Qe5 31. Kf2 b5 32. Kg2 a5 33. Qxa5 Qxb2+ 34.
Kh3 c4 35. Qc7+ Ke8 36. Qc8+ Kf7 37. Qd7+ Kg8 1/2-1/2

[Event "SF Olfen 1 - SK Münster 2"]
[Site "Regionalliga Münsterland 2018"]
[Date "2019.03.23"]
[Round "8.5"]
[White "Wingenfeld, Klaus"]
[Black "Stroessner, Lena"]
[Result "1-0"]
[WhiteElo "1895"]
[BlackElo "1949"]
[PlyCount "61"]
[EventDate "2019.??.??"]
[SourceDate "2018.09.09"]

1. d4 e6 2. Bf4 d5 3. e3 Nf6 4. c3 c5 5. Nf3 Nc6 6. Nbd2 Be7 7. Bd3 O-O 8. Ne5
cxd4 9. exd4 Bd7 10. g4 Qb6 11. Rb1 Be8 12. Rg1 Rc8 13. Rg3 Na5 14. g5 Ne4 15.
Nxe4 dxe4 16. Bxe4 f5 17. gxf6 Bxf6 18. Rh3 g6 19. Bh6 Bg7 20. Bxg7 Kxg7 21.
Qd2 Rc7 22. Qh6+ Kg8 23. Bxg6 Bxg6 24. Nxg6 hxg6 25. Qh8+ Kf7 26. Rf3+ Ke7 27.
Qxf8+ Kd7 28. Rf7+ Kc6 29. Qe8+ Kd5 30. Qd8+ Kc6 31. d5+ 1-0

[Event "SF Olfen 1 - SK Münster 2"]
[Site "Regionalliga Münsterland 2018"]
[Date "2019.03.23"]
[Round "8.6"]
[White "Pinno, Gregor"]
[Black "Meyer, Ulrich"]
[Result "0-1"]
[WhiteElo "1813"]
[BlackElo "1925"]
[PlyCount "70"]
[EventDate "2019.??.??"]
[SourceDate "2018.09.09"]

1. Nf3 c5 2. g3 Nc6 3. Bg2 e5 4. d3 d6 5. O-O Be7 6. e4 Be6 7. Nc3 h6 8. a4 Nf6
9. Nd2 g5 10. Nc4 Qd7 11. Nd5 Bxd5 12. exd5 Nb4 13. Ne3 O-O-O 14. c3 Na6 15.
Bd2 Kb8 16. b4 cxb4 17. cxb4 Rc8 18. Qb3 g4 19. Nc4 Nh7 20. Be3 Bg5 21. b5 Nc5
22. Bxc5 Rxc5 23. Rab1 f5 24. Qa3 Rhc8 25. Na5 f4 26. d4 exd4 27. gxf4 Bxf4 28.
Qd3 Ng5 29. Nc6+ Ka8 30. Nxd4 Rc3 31. Qd1 Nf3+ 32. Kh1 Qf7 33. Nxf3 gxf3 34.
Bxf3 Be5 35. Bg4 Qf4 0-1

[Event "SF Olfen 1 - SK Münster 2"]
[Site "Regionalliga Münsterland 2018"]
[Date "2019.03.23"]
[Round "8.7"]
[White "Peters, Helmut"]
[Black "Preuss, Richard"]
[Result "1-0"]
[WhiteElo "1955"]
[BlackElo "1764"]
[PlyCount "107"]
[EventDate "2019.??.??"]
[SourceDate "2018.09.09"]

1. d4 d5 2. c4 e6 3. Nc3 Nf6 4. cxd5 exd5 5. Bg5 Be7 6. e3 c6 7. Qc2 h6 8. Bf4
Bd6 9. Bxd6 Qxd6 10. Bd3 Be6 11. Nge2 Nbd7 12. f3 O-O 13. O-O c5 14. dxc5 Qxc5
15. Nd4 Rac8 16. Rac1 a6 17. Qd2 Qd6 18. Nce2 Ne5 19. b3 Nxd3 20. Qxd3 Rxc1 21.
Rxc1 Rc8 22. Rxc8+ Bxc8 23. Qc3 Bd7 24. a4 b6 25. a5 b5 26. b4 Ne8 27. Nb3 Qf6
28. Qxf6 Nxf6 29. Nc5 Bc8 30. Nc3 Kf8 31. Kf2 Ke7 32. Ke2 Kd6 33. Kd3 Nd7 34.
Kd4 Nf6 35. g4 Kc6 36. h4 g5 37. Ke5 gxh4 38. Kxf6 h3 39. Ne2 h2 40. Ng3 d4 41.
exd4 Kd5 42. Kxf7 Kxd4 43. Kg6 Kc4 44. Kxh6 Kxb4 45. Nce4 Kxa5 46. g5 b4 47. g6
Be6 48. f4 Kb6 49. Kg5 Kc7 50. f5 Bd5 51. f6 Kd8 52. Nc5 b3 53. f7 Ke7 54. Nf5+
1-0

[Event "SF Olfen 1 - SK Münster 2"]
[Site "Regionalliga Münsterland 2018"]
[Date "2019.03.23"]
[Round "8.8"]
[White "Limberg, Thomas"]
[Black "Emunds, Hans Georg"]
[Result "0-1"]
[WhiteElo "1626"]
[BlackElo "2064"]
[PlyCount "106"]
[EventDate "2019.??.??"]
[SourceDate "2018.09.09"]

1. d4 Nf6 2. c4 e6 3. Nf3 b6 4. g3 Bb7 5. Bg2 Be7 6. O-O O-O 7. Nc3 Ne4 8. Qd3
Nxc3 9. bxc3 f5 10. d5 Na6 11. Be3 Nc5 12. Bxc5 Bxc5 13. Nd4 Bxd4 14. Qxd4 Qf6
15. dxe6 Bxg2 16. Kxg2 Qxe6 17. e3 Rae8 18. Rfd1 d6 19. Rd2 Qf7 20. Qd5 Re5 21.
Qxf7+ Kxf7 22. Rd5 Rfe8 23. Rad1 Kf6 24. Kf3 Re4 25. R1d4 Rxd4 26. cxd4 a6 27.
c5 Ke6 28. e4 fxe4+ 29. Kxe4 Kd7+ 30. Kd3 Re1 31. cxb6 cxb6 32. Rf5 Ke6 33. Rf8
Ra1 34. Re8+ Kd5 35. Re7 Rxa2 36. Rxg7 Rxf2 37. Rxh7 Rf3+ 38. Ke2 Rb3 39. Rh6
a5 40. g4 a4 41. g5 a3 42. g6 Ke6 43. g7+ Kf7 44. Rxd6 Kxg7 45. Rd7+ Kf6 46.
Ra7 b5 47. Ra6+ Kf5 48. Kd2 b4 49. Kc2 Rh3 50. Rb6 Rxh2+ 51. Kb1 Rb2+ 52. Kc1
Ke4 53. Rd6 Kd3 0-1

[Event "SC Steinfurt 1 - SK Bocholt 1"]
[Site "Regionalliga Münsterland 2018"]
[Date "2019.03.23"]
[Round "8.2"]
[White "Graelken, Matthias"]
[Black "Hunhoff, Sebastian"]
[Result "1/2-1/2"]
[WhiteElo "2023"]
[BlackElo "1936"]
[PlyCount "42"]
[EventDate "2019.??.??"]
[SourceDate "2018.09.09"]

1. g3 e6 2. Bg2 Nf6 3. Nf3 d5 4. O-O Be7 5. c4 c6 6. b3 O-O 7. Bb2 Nbd7 8. Qc2
b5 9. d3 bxc4 10. bxc4 Qa5 11. Nbd2 Ba6 12. Bc3 Bb4 13. Bb2 Be7 14. Nd4 Rfc8
15. Bc3 Bb4 16. Bxb4 Qxb4 17. Rab1 Qd6 18. N4b3 Rab8 19. Rfe1 e5 20. e3 h6 21.
Qc3 Qb4 1/2-1/2

[Event "SC Steinfurt 1 - SK Bocholt 1"]
[Site "Regionalliga Münsterland 2018"]
[Date "2019.03.23"]
[Round "8.3"]
[White "Naumann, Felix"]
[Black "Arning, Marcus"]
[Result "0-1"]
[WhiteElo "1860"]
[BlackElo "1903"]
[PlyCount "42"]
[EventDate "2019.??.??"]
[SourceDate "2018.09.09"]

1. d4 d5 2. Nf3 Nf6 3. Bf4 c5 4. e3 Nc6 5. c3 Bg4 6. Nbd2 e6 7. Bd3 Be7 8. h3
Bh5 9. O-O O-O 10. Bh2 cxd4 11. g4 dxe3 12. fxe3 Bg6 13. Bxg6 hxg6 14. Qb3 Bd6
15. Qxb7 Bxh2+ 16. Kxh2 Qd6+ 17. Kg2 Rab8 18. Qa6 Ne4 19. Nxe4 dxe4 20. Nd4
Rxb2+ 21. Rf2 Rxf2+ 0-1

[Event "SC Steinfurt 1 - SK Bocholt 1"]
[Site "Regionalliga Münsterland 2018"]
[Date "2019.03.23"]
[Round "8.4"]
[White "Janning, Rainer"]
[Black "Hunhoff, Andreas"]
[Result "1-0"]
[WhiteElo "1876"]
[BlackElo "1793"]
[PlyCount "47"]
[EventDate "2019.??.??"]
[SourceDate "2018.09.09"]

1. f4 f5 2. g3 Nf6 3. Bg2 e6 4. d3 d5 5. Nf3 c5 6. c4 Nc6 7. Na3 Be7 8. O-O O-O
9. h3 a6 10. Kh2 d4 11. Nc2 Bd6 12. e3 e5 13. fxe5 Nxe5 14. exd4 Nxf3+ 15. Qxf3
cxd4 16. Bf4 Qb6 17. b3 Bc5 18. Be5 Re8 19. Rfe1 Ne4 20. Bf4 Nf6 21. Rxe8+ Nxe8
22. Re1 Nf6 23. Be5 Bd7 24. Qxb7 1-0

[Event "SC Steinfurt 1 - SK Bocholt 1"]
[Site "Regionalliga Münsterland 2018"]
[Date "2019.03.23"]
[Round "8.5"]
[White "Burike, Christian"]
[Black "Schulz, Joachim"]
[Result "0-1"]
[WhiteElo "1677"]
[BlackElo "1877"]
[PlyCount "64"]
[EventDate "2019.??.??"]
[SourceDate "2018.09.09"]

1. d4 Nf6 2. Nf3 g6 3. e3 Bg7 4. c3 O-O 5. Nbd2 d6 6. Be2 Nc6 7. O-O e5 8. dxe5
dxe5 9. Qc2 Qe7 10. b3 Bf5 11. e4 Bg4 12. a4 Rfd8 13. Ba3 Qe8 14. h3 Be6 15.
Nc4 Nh5 16. Rfd1 Nf4 17. Bf1 h6 18. Rac1 a6 19. Ne3 Rxd1 20. Rxd1 Rd8 21. b4
Rxd1 22. Qxd1 Qe7 23. Bc1 f6 24. a5 Bf8 25. Qd2 Qd6 26. Qc2 Ne7 27. Nd2 c5 28.
b5 axb5 29. Bxb5 Nc6 30. Nb3 Be7 31. Ba3 Qc7 32. Nc4 Na7 0-1

[Event "SC Steinfurt 1 - SK Bocholt 1"]
[Site "Regionalliga Münsterland 2018"]
[Date "2019.03.23"]
[Round "8.6"]
[White "Wild, Helmut"]
[Black "Boeing, Frank"]
[Result "1/2-1/2"]
[WhiteElo "1819"]
[BlackElo "1822"]
[PlyCount "82"]
[EventDate "2019.??.??"]
[SourceDate "2018.09.09"]

1. c4 e6 2. e4 c5 3. Nf3 Nc6 4. d4 cxd4 5. Nxd4 Qb6 6. Nb3 d6 7. Nc3 a6 8. Be2
Nf6 9. Be3 Qc7 10. O-O Be7 11. Rc1 O-O 12. f3 Bd7 13. Qd2 Ne5 14. Rfd1 Rad8 15.
Nd4 Qb8 16. Bf1 Rfe8 17. b3 Bf8 18. Qf2 Be7 19. h3 Ng6 20. a4 Nh5 21. g3 Qc8
22. Nde2 e5 23. Bb6 Bxh3 24. Bxh3 Qxh3 25. Bxd8 Bxd8 26. Rxd6 Be7 27. Rd5 Nf6
28. Rd3 h5 29. Nd5 Bd8 30. Qh2 Qc8 31. Nxf6+ gxf6 32. Qxh5 Qc5+ 33. Kf1 Bb6 34.
Qh2 Kg7 35. Qg1 Qb4 36. c5 Ba5 37. Kg2 Rh8 38. Qe3 Nf8 39. Rc4 Qe1 40. Ng1 Qb1
41. Qc1 Qxd3 1/2-1/2

[Event "SC Steinfurt 1 - SK Bocholt 1"]
[Site "Regionalliga Münsterland 2018"]
[Date "2019.03.23"]
[Round "8.7"]
[White "Tepasse, Wilhelm"]
[Black "Raue, Thorsten"]
[Result "0-1"]
[WhiteElo "1762"]
[BlackElo "1792"]
[PlyCount "64"]
[EventDate "2019.??.??"]
[SourceDate "2018.09.09"]

1. Nf3 Nf6 2. d4 c5 3. d5 e6 4. c4 exd5 5. cxd5 d6 6. g3 g6 7. Bg2 Bg7 8. Nc3
O-O 9. O-O a6 10. a4 Re8 11. Re1 Nbd7 12. Bg5 Qc7 13. Qc2 Rb8 14. a5 b5 15.
axb6 Nxb6 16. Nd2 h6 17. Bxf6 Bxf6 18. e3 c4 19. Red1 Nd7 20. Rab1 Ne5 21. Be4
Bg7 22. Ne2 Bg4 23. Kf1 Bh3+ 24. Bg2 Bxg2+ 25. Kxg2 Rec8 26. Nd4 Qa5 27. e4 Qc5
28. N2f3 Nxf3 29. Nxf3 a5 30. Rdc1 Rb4 31. Qe2 Rcb8 32. Nd2 Rxb2 0-1

[Event "SC Steinfurt 1 - SK Bocholt 1"]
[Site "Regionalliga Münsterland 2018"]
[Date "2019.03.23"]
[Round "8.8"]
[White "Raus, Michael"]
[Black "Steverding, Tim"]
[Result "1/2-1/2"]
[WhiteElo "1721"]
[BlackElo "1153"]
[PlyCount "32"]
[EventDate "2019.??.??"]
[SourceDate "2018.09.09"]

1. e4 c6 2. d4 d5 3. exd5 cxd5 4. Bd3 Nf6 5. Nf3 Bg4 6. Nbd2 Nc6 7. c3 e6 8.
Qa4 Qa5 9. Qxa5 Nxa5 10. Bb5+ Kd8 11. Ne5 Bh5 12. Ndf3 a6 13. Be2 Ke8 14. O-O
Bd6 15. Re1 Ke7 16. Bd2 Rhc8 1/2-1/2

[Event "SK Münster 3 - SG Turm Raesfeld/Erle 1"]
[Site "Regionalliga Münsterland 2018"]
[Date "2019.03.23"]
[Round "8.1"]
[White "Wilger, Frank"]
[Black "Borrink, Joern"]
[Result "0-1"]
[WhiteElo "2076"]
[BlackElo "2119"]
[PlyCount "160"]
[EventDate "2019.??.??"]
[SourceDate "2018.09.09"]

1. Nf3 d5 2. e3 Nf6 3. c4 e6 4. Nc3 Be7 5. b3 O-O 6. Bb2 Nc6 7. d4 b6 8. Rc1
Bb7 9. a3 dxc4 10. bxc4 Na5 11. Be2 c5 12. Nb1 Rc8 13. Nbd2 Ne4 14. O-O Bf6 15.
Nxe4 Bxe4 16. Ne5 cxd4 17. exd4 Bxe5 18. dxe5 Qg5 19. f3 Rfd8 20. Qe1 Rd2 21.
Bc3 Qe3+ 22. Qf2 Rxe2 23. Qxe3 Rxe3 24. Bxa5 Bd3 25. Rfe1 Rxe1+ 26. Bxe1 Bxc4
27. Kf2 f6 28. exf6 gxf6 29. Ke3 Kf7 30. f4 Kg6 31. h3 h5 32. g4 b5 33. Rd1 Rh8
34. Bg3 Rh7 35. Rd8 hxg4 36. hxg4 a5 37. Rg8+ Kf7 38. Ra8 Rh3 39. Kf2 a4 40.
Ra7+ Kg6 41. Kg2 Rh8 42. Bf2 Bd5+ 43. Kg3 Rc8 44. Be1 Rc1 45. Kf2 Rc2+ 46. Ke3
Rg2 47. g5 fxg5 48. fxg5 Rxg5 49. Bc3 Rg3+ 50. Kd2 Kf5 51. Rh7 Bc4 52. Rh5+ Kg4
53. Rh2 Rd3+ 54. Kc2 Rd5 55. Rd2 Rh5 56. Rf2 e5 57. Kd2 e4 58. Bd4 Bd3 59. Bb6
Rh1 60. Bc5 Rb1 61. Ke3 Rb3 62. Rf4+ Kg3 63. Rf8 Kg2 64. Rg8+ Kf1 65. Kd2 Rb2+
66. Kd1 Bc2+ 67. Kc1 Ra2 68. Rg1+ Ke2 69. Rg2+ Kd3 70. Rd2+ Kc4 71. Bb4 Kb3 72.
Re2 Rb2 73. Bc5 Rb1+ 74. Kd2 Bd3 75. Re1 Rb2+ 76. Kd1 Kc3 77. Bb4+ Kd4 78. Bd2
Rb1+ 79. Bc1 e3 80. Rg1 Kc3 0-1

[Event "SK Münster 3 - SG Turm Raesfeld/Erle 1"]
[Site "Regionalliga Münsterland 2018"]
[Date "2019.03.23"]
[Round "8.2"]
[White "Virnyi, Julius"]
[Black "Greifenberg, Daniel"]
[Result "1/2-1/2"]
[WhiteElo "2039"]
[BlackElo "2051"]
[PlyCount "24"]
[EventDate "2019.??.??"]
[SourceDate "2018.09.09"]

1. d4 Nf6 2. c4 e6 3. Nc3 Bb4 4. e3 O-O 5. Nge2 Re8 6. a3 Bf8 7. e4 d6 8. f3
Nbd7 9. Be3 e5 10. d5 a5 11. Rb1 g6 12. b3 Nh5 1/2-1/2

[Event "SK Münster 3 - SG Turm Raesfeld/Erle 1"]
[Site "Regionalliga Münsterland 2018"]
[Date "2019.03.23"]
[Round "8.3"]
[White "Gesing, Felix"]
[Black "Hartmann, Steffen"]
[Result "1/2-1/2"]
[WhiteElo "1985"]
[BlackElo "1923"]
[PlyCount "97"]
[EventDate "2019.??.??"]
[SourceDate "2018.09.09"]

1. e4 c5 2. Nf3 e6 3. d3 Nc6 4. g3 Qc7 5. Bg2 Nf6 6. O-O Be7 7. Re1 d6 8. c3
O-O 9. d4 cxd4 10. cxd4 h6 11. Nc3 a6 12. d5 Ne5 13. Nd4 exd5 14. exd5 Re8 15.
h3 Bd7 16. Bf4 Ng6 17. Be3 Rac8 18. Rc1 Qa5 19. Nb3 Qd8 20. Qd2 Ne5 21. Bd4 Nc4
22. Qc2 b5 23. a3 g6 24. Re2 Bf5 25. Qd1 Bf8 26. Rxe8 Nxe8 27. Ne4 Bg7 28. Bxg7
Kxg7 29. Qd4+ Kg8 30. Nbd2 Nxd2 31. Qxd2 Bxe4 32. Bxe4 Nf6 33. Bf3 Kg7 34. Kg2
Nd7 35. Qd4+ Ne5 36. Rc6 Kg8 37. Rxa6 Qf6 38. Qf4 Qxf4 39. gxf4 Nd3 40. Rxd6
Rc2 41. Be4 Rxf2+ 42. Kg1 Rd2 43. Bxd3 Rxd3 44. Rd8+ Kg7 45. d6 Kf6 46. Rb8 Kf5
47. d7 Rxd7 48. Rxb5+ Kxf4 49. Rb3 1/2-1/2